NBA teams runners-up - Statistics

General Stats
  • This quiz has been taken 377 times
    15 since last reset
  • The average score is 42 of 79
Answer Stats
Year Runner-up Team % Correct
2022 Boston Celtics
87%
2019 Golden State Warriors
87%
2023 Miami Heat
87%
2021 Phoenix Suns
87%
2015 Cleveland Cavaliers
80%
2017 Cleveland Cavaliers
80%
2018 Cleveland Cavaliers
80%
2024 Dallas Mavericks
80%
2016 Golden State Warriors
80%
2020 Miami Heat
80%
2005 Detroit Pistons
73%
2025 Indiana Pacers
73%
2011 Miami Heat
73%
2014 Miami Heat
73%
2012 Oklahoma City Thunder
73%
2013 San Antonio Spurs
73%
2010 Boston Celtics
67%
2000 Indiana Pacers
67%
1989 Los Angeles Lakers
67%
1991 Los Angeles Lakers
67%
2004 Los Angeles Lakers
67%
2008 Los Angeles Lakers
67%
1994 New York Knicks
67%
2009 Orlando Magic
67%
2001 Philadelphia 76ers
67%
1993 Phoenix Suns
67%
1992 Portland Trail Blazers
67%
1996 Seattle Supersonics
67%
1997 Utah Jazz
67%
1998 Utah Jazz
67%
1985 Boston Celtics
60%
1987 Boston Celtics
60%
2007 Cleveland Cavaliers
60%
2006 Dallas Mavericks
60%
1962 Los Angeles Lakers
60%
1963 Los Angeles Lakers
60%
1983 Los Angeles Lakers
60%
1984 Los Angeles Lakers
60%
2002 New Jersey Nets
60%
2003 New Jersey Nets
60%
1990 Portland Trail Blazers
60%
1965 Los Angeles Lakers
53%
1966 Los Angeles Lakers
53%
1968 Los Angeles Lakers
53%
1969 Los Angeles Lakers
53%
1999 New York Knicks
53%
1995 Orlando Magic
53%
1958 Boston Celtics
47%
1988 Detroit Pistons
47%
1970 Los Angeles Lakers
47%
1981 Houston Rockets
40%
1986 Houston Rockets
40%
1973 Los Angeles Lakers
40%
1959 Minneapolis Lakers
40%
1972 New York Knicks
40%
1980 Philadelphis 76ers
40%
1982 Philadelphis 76ers
40%
1957 Saint Louis Hawks
40%
1964 San Francisco Warriors
40%
1967 San Francisco Warriors
40%
1971 Baltimore Bullets
33%
1948 Philadelphia Warriors
33%
1977 Philadelphis 76ers
33%
1960 Saint Louis Hawks
33%
1961 Saint Louis Hawks
33%
1975 Washington Bullets
33%
1979 Washington Bullets
33%
1974 Milwaukee Bucks
27%
1951 New York Knicks
27%
1952 New York Knicks
27%
1953 New York Knicks
27%
1976 Phoenix Suns
27%
1978 Seattle Supersonics
27%
1950 Syracuse Nationals
27%
1954 Syracuse Nationals
27%
1947 Chicago Stags
20%
1955 Fort Wayne Pistons
20%
1949 Washington Capitols
20%
1956 Fort Wayne Pistons
13%
No matching quizzes found
Score Distribution
Percent of People with Each Score
Percentile by Number Answered
Your Score History
You have not taken this quiz since the last reset